000 00802nam a2200253 i 4500
001 104969
003 ES-MaACL
005 20230906183734.0
007 t|
008 060601s1912 fr ||||1| fre d
080 _a821.133.1-2"18"
100 1 _aMoreau, Émile.
_983205
245 1 0 _aThéatre /
_cEmile Moreau.
250 _a2em. ed.
260 _aParis :
_bPaul Ollendorff,
_c[1912]
300 _a403 p. ;
_c19 cm.
500 _aBiblioteca Jacinto Martínez Lacalle.
505 8 _aContiene: Corneille et Richelieu ; Le pape Célestin ; Le procés de Jeanne D'Arc ; Le procés de Ravaillac
740 0 _aCorneille et Richelieu.
740 3 _aLe pape Célestin.
740 3 _aLe procès de Jeanne D'Arc.
740 3 _aLe procès de Ravaillac.
852 _aES-MaACL
_jE-11300
_bR.138944
999 _c104969
_d104969